Sistema de capacitación 1ª etapa: diagnóstico. Plan de acción para el diagnóstico

Guardado en:
書目詳細資料
企業作者: Costa Rica. Oficina de Planificación Nacional y Política Económica
格式: Texto
出版: San José: OFIPLAN
標簽: 添加標簽
沒有標簽, 成為第一個標記此記錄!

MARC

LEADER 00000 a a2200000 04500
001 15446
003
040
090 |a 019200  
110 |a Costa Rica. Oficina de Planificación Nacional y Política Económica  
245 |a Sistema de capacitación 1ª etapa: diagnóstico. Plan de acción para el diagnóstico  
260 |a San José:   |b OFIPLAN  
300 |a 9 p.  
999 |c 16339  |d 16339